000 00279nam a22001217a 4500
008 180221b xxu||||| |||| 00| 0 eng d
041 _aeng
080 _22nd
_a311
100 _a55
101 _aSTA
245 _aBusiness statistics a first course
_cSharpe,N.R
942 _2udc
_cBK
999 _c43058
_d43058